00517nam a2200217Ia 4500003000400000005001700004006001900021007000300040008004100043020001500084024001100099037002600110040001800136041001300154082001500167100002000182245003300202250000800235260004800243300000800291OSt20221007103136.0a|||||r|||| 00| 0 ta221006b |||||||| |||| 00| 0 eng d a0582423341 a12,349 cReference Collections aLCOcLCObeng 2engaeng aZ2,267, P0 aBainbridge D.I. 0aIntroduction to Computer Law a4th aLondonbPearson Education U.K. c2000 a482